000 00384nam a2200121Ia 4500
008 220620s9999||||xx |||||||||||||| ||und||
100 _aAlula Pankhurst, Getachew Assefa (dir.)
245 0 _aGrass-roots Justice in Ethiopia
546 _aEnglish[eng]
650 _alaw||minorities||sociology||justice||sociology of law
856 _uhttp://books.openedition.org/cfee/471
942 _cEB
999 _c29571
_d29571